Puerto Rico enfermo / (Record no. 102625)

MARC details
000 -LEADER
campo de control de longitud fija 00747nam a2200241 i 4500
001 - NÚMERO DE CONTROL
campo de control 102625
003 - IDENTIFICADOR DE NÚMERO DE CONTROL
campo de control ES-MaACL
005 - FECHA Y HORA DE LA ÚLTIMA TRANSACCIÓN
campo de control 20230906183139.0
007 - CAMPO FIJO DE DESCRIPCIÓN FÍSICA--INFORMACIÓN GENERAL
campo de control de longitud fija t|
008 - DATOS DE LONGITUD FIJA--INFORMACIÓN GENERAL
campo de control de longitud fija 051123s1983 pr ||||1| spa d
020 ## - NÚMERO INTERNACIONAL ESTÁNDAR DEL LIBRO
Número Internacional Estándar del Libro 84-499-6094-0
080 ## - NÚMERO DE LA CLASIFICACIÓN DECIMAL UNIVERSAL
Número de la Clasificación Decimal Universal 308(729.5)"19"
080 ## - NÚMERO DE LA CLASIFICACIÓN DECIMAL UNIVERSAL
Número de la Clasificación Decimal Universal 008(729.5)"19"
080 ## - NÚMERO DE LA CLASIFICACIÓN DECIMAL UNIVERSAL
Número de la Clasificación Decimal Universal 821.134.2(729.5)-4"19"
100 1# - ENTRADA PRINCIPAL--NOMBRE DE PERSONA
Nombre de persona Cartagena, Rafael.
9 (RLIN) 35868
245 10 - MENCIÓN DEL TÍTULO
Título Puerto Rico enfermo /
Mención de responsabilidad, etc. Rafael Cartagena ; prólogo por Jaime Benítez.
260 ## - PUBLICACIÓN, DISTRIBUCIÓN, ETC.
Lugar de publicación, distribución, etc. Rio Piedras :
Nombre del editor, distribuidor, etc. Editorial Cultural,
Fecha de publicación, distribución, etc. 1983.
300 ## - DESCRIPCIÓN FÍSICA
Extensión 191 p. ;
Dimensiones 21 cm.
651 #4 - PUNTO DE ACCESO ADICIONAL DE MATERIA--NOMBRE GEOGRÁFICO
Nombre geográfico Puerto Rico-
Subdivisión general Situación social.
9 (RLIN) 9292
651 #4 - PUNTO DE ACCESO ADICIONAL DE MATERIA--NOMBRE GEOGRÁFICO
Nombre geográfico Puerto Rico-
Subdivisión general Civilización-
Subdivisión cronológica S.XX.
9 (RLIN) 9277
700 1# - ENTRADA AGREGADA--NOMBRE PERSONAL
Nombre de persona Benítez, Jaime.
9 (RLIN) 27607
852 ## - LOCALIZACIÓN
Ubicación ES-MaACL
Número de control de estantería E-11137
Sublocalización o colección R.136825
Holdings
Estatus retirado Estado de pérdida Estado de daño No para préstamo Biblioteca de origen Biblioteca actual Ubicación en estantería Fecha de adquisición Fuente de adquisición Total de préstamos Signatura topográfica completa Código de barras Visto por última vez Precio de reemplazo Tipo de ítem Koha
        Biblioteca del Ateneo de Madrid Biblioteca del Ateneo de Madrid Depósito 2 17/01/2008     E-11137 1107132 23/02/2023 23/02/2023 Libro impreso